MARC details
| 000 -LEADER |
| fixed length control field |
02738cam a2200517Ii 4500 |
| 001 - CONTROL NUMBER |
| control field |
ocn847833649 |
| 003 - CONTROL NUMBER IDENTIFIER |
| control field |
TZ-ArACH |
| 005 - DATE AND TIME OF LATEST TRANSACTION |
| control field |
20221109121629.0 |
| 008 - FIXED-LENGTH DATA ELEMENTS--GENERAL INFORMATION |
| fixed length control field |
130612t20132011enka b 001 0 eng d |
| 020 ## - INTERNATIONAL STANDARD BOOK NUMBER |
| International Standard Book Number |
1107645107 |
| 020 ## - INTERNATIONAL STANDARD BOOK NUMBER |
| International Standard Book Number |
9781107645103 |
| 029 1# - (OCLC) |
| OCLC library identifier |
NZ1 |
| System control number |
15940711 |
| 035 ## - SYSTEM CONTROL NUMBER |
| System control number |
(OCoLC)847833649 |
| 040 ## - CATALOGING SOURCE |
| Original cataloging agency |
YDXCP |
| Language of cataloging |
eng |
| Description conventions |
rda |
| Transcribing agency |
YDXCP |
| Modifying agency |
BXM |
| -- |
OCLCF |
| -- |
OCLCQ |
| -- |
OCL |
| -- |
HEBIS |
| -- |
OCL |
| -- |
U9X |
| -- |
GWL |
| -- |
OCL |
| 043 ## - GEOGRAPHIC AREA CODE |
| Geographic area code |
ee----- |
| -- |
e-ur--- |
| 049 ## - LOCAL HOLDINGS (OCLC) |
| Holding library |
TZAA |
| 050 #4 - LIBRARY OF CONGRESS CALL NUMBER |
| Classification number |
KZ6030 |
| Item number |
.S69 2013 |
| 082 04 - DEWEY DECIMAL CLASSIFICATION NUMBER |
| Classification number |
323/.09047 |
| Edition number |
23 |
| 100 1# - MAIN ENTRY--PERSONAL NAME |
| Personal name |
Snyder, Sarah B., |
| Dates associated with a name |
1977- |
| Relator term |
author. |
| 245 10 - TITLE STATEMENT |
| Title |
Human rights activism and the end of the Cold War : |
| Remainder of title |
a transnational history of the Helsinki network / |
| Statement of responsibility, etc |
Sarah B. Snyder. |
| 250 ## - EDITION STATEMENT |
| Edition statement |
First paperback edition. |
| 260 ## - PUBLICATION, DISTRIBUTION, ETC. (IMPRINT) |
| Place of publication, distribution, etc |
New York, NY : |
| Name of publisher, distributor, etc |
Cambridge University Press, |
| Date of publication, distribution, etc |
2013. |
| 300 ## - PHYSICAL DESCRIPTION |
| Extent |
x, 293 pages : |
| Other physical details |
illustrations ; |
| Dimensions |
23 cm. |
| 490 1# - SERIES STATEMENT |
| Series statement |
Human rights in history |
| 500 ## - GENERAL NOTE |
| General note |
"First published 2011. First paperback edition 2013"--Title page verso |
| 504 ## - BIBLIOGRAPHY, ETC. NOTE |
| Bibliography, etc |
Includes bibliographical references and index. |
| 505 0# - FORMATTED CONTENTS NOTE |
| Formatted contents note |
1. Bridging the East-West divide : the Helsinki Final Act negotiations -- 2. "A sort of lifeline" : the Helsinki Commission -- 3. Even in a Yakutian village : Helsinki monitoring in Moscow and beyond -- 4. Follow-up at Belgrade : the United States transforms the Helsinki process -- 5. Helsinki watch, the IHF, and the transnational campaign for human rights in Eastern Europe -- 6. Human rights in East-West diplomacy -- "A debate in the fox den about raising chickens" : the Moscow conference proposal -- 8. 'Perhaps without you, our revolution would not be." |
| 520 ## - SUMMARY, ETC. |
| Summary, etc |
This work explores how, in the aftermath of the signing of the Helsinki Final Act in 1975, a transnational network of activists committed to human rights in the Soviet Union and Eastern Europe made human rights a central element of East-West diplomacy. |
| 600 ## - SUBJECT ADDED ENTRY--PERSONAL NAME |
| Source of heading or term |
on order |
| 610 20 - SUBJECT ADDED ENTRY--CORPORATE NAME |
| Corporate name or jurisdiction name as entry element |
Conference on Security and Cooperation in Europe (Organization) |
| 610 27 - SUBJECT ADDED ENTRY--CORPORATE NAME |
| Corporate name or jurisdiction name as entry element |
Conference on Security and Cooperation in Europe (Organization) |
| Source of heading or term |
fast |
| 611 20 - SUBJECT ADDED ENTRY--MEETING NAME |
| Meeting name or jurisdiction name as entry element |
Conference on Security and Cooperation in Europe |
| Date of meeting |
(1972-1975 : |
| Location of meeting |
Helsinki, Finland). |
| Title of a work |
Final Act. |
| 611 27 - SUBJECT ADDED ENTRY--MEETING NAME |
| Meeting name or jurisdiction name as entry element |
Cold War (1945-1989) |
| Source of heading or term |
fast |
| 630 07 - SUBJECT ADDED ENTRY--UNIFORM TITLE |
| Uniform title |
Final Act (Conference on Security and Cooperation in Europe) |
| Source of heading or term |
fast |
| 650 #0 - SUBJECT ADDED ENTRY--TOPICAL TERM |
| Topical term or geographic name as entry element |
Human rights. |
| 650 #0 - SUBJECT ADDED ENTRY--TOPICAL TERM |
| Topical term or geographic name as entry element |
Human rights |
| Geographic subdivision |
Europe, Eastern. |
| 650 #0 - SUBJECT ADDED ENTRY--TOPICAL TERM |
| Topical term or geographic name as entry element |
Human rights |
| Geographic subdivision |
Soviet Union. |
| 650 #0 - SUBJECT ADDED ENTRY--TOPICAL TERM |
| Topical term or geographic name as entry element |
Human rights advocacy. |
| 650 #0 - SUBJECT ADDED ENTRY--TOPICAL TERM |
| Topical term or geographic name as entry element |
Cold War. |
| 650 #7 - SUBJECT ADDED ENTRY--TOPICAL TERM |
| Topical term or geographic name as entry element |
Human rights. |
| Source of heading or term |
fast |
| 650 #7 - SUBJECT ADDED ENTRY--TOPICAL TERM |
| Topical term or geographic name as entry element |
Human rights advocacy. |
| Source of heading or term |
fast |
| 651 #7 - SUBJECT ADDED ENTRY--GEOGRAPHIC NAME |
| Geographic name |
Europe, Eastern. |
| Source of heading or term |
fast |
| 651 #7 - SUBJECT ADDED ENTRY--GEOGRAPHIC NAME |
| Geographic name |
Soviet Union. |
| Source of heading or term |
fast |
| 830 #0 - SERIES ADDED ENTRY--UNIFORM TITLE |
| Uniform title |
Human rights in history. |
| 942 ## - ADDED ENTRY ELEMENTS (KOHA) |
| Source of classification or shelving scheme |
Library of Congress Classification |
| Koha item type |
Books |